Biological sequence analysis probabilistic models of proteins and nucleic acids (Record no. 172011)

MARC details
000 -LEADER
fixed length control field 00567nam a2200157Ia 4500
008 - FIXED-LENGTH DATA ELEMENTS--GENERAL INFORMATION
fixed length control field 231217s9999 xx 000 0 und d
041 ## - LANGUAGE CODE
Language code of text/sound track or separate title English
082 ## - DEWEY DECIMAL CLASSIFICATION NUMBER
Classification number 574.19245 DUR;5
100 ## - MAIN ENTRY--PERSONAL NAME
Personal name Durbin, Richard Eddy, Sean R Krogh, Andres etc
245 #0 - TITLE STATEMENT
Title Biological sequence analysis probabilistic models of proteins and nucleic acids
260 ## - PUBLICATION, DISTRIBUTION, ETC.
Date of publication, distribution, etc. 1998
Name of publisher, distributor, etc. Press Syndicate of the University of Cambridge
Place of publication, distribution, etc. Cambridge
300 ## - PHYSICAL DESCRIPTION
Extent xi+356
500 ## - GENERAL NOTE
General note Content page available
650 ## - SUBJECT ADDED ENTRY--TOPICAL TERM
Topical term or geographic name entry element Biological,sequence,probabilistic,models,proteins,nucleic,acids
942 ## - ADDED ENTRY ELEMENTS (KOHA)
Koha item type Books
Holdings
Date last seen Total checkouts Full call number Accession number Uniform resource identifier Cost, total (INR) price Price effective from Category Lost status Damaged status Department Withdrawn status Home library Current library Shelving location Entry date Vendor Cost, normal purchase price Grants Billnumber Billdate Currency symbol Conversion rate Discount Old discount
26/01/2024   574.19245 DUR;5 27701 digital/contents/27348.pdf 300.00 26/01/2024 Books     Central Library   Central Library Central Library Central Library 29/04/2004 Foundations Books 375.00 BT 4155 06/02/2005 RS 1 75 20
26/01/2024   574.19245 DUR;6 28474 digital/contents/27348.pdf 300.00 26/01/2024 Books     Central Library   Central Library Central Library Central Library 12/06/2004 Royal Biblioman 375.00 BT 90 11/05/2006 RS 1 75 20

© For any Suggestions or Query, please contact the library staff @ librarian@pes.edu or Phone: +9180 2672 1983/ 2108.